Eastern Africa Law Review, Vol.2. 1969 / (Record no. 4836)

MARC details
000 -LEADER
fixed length control field 01776cas a2200469 a 4500
001 - CONTROL NUMBER
control field 11489186
003 - CONTROL NUMBER IDENTIFIER
control field OSt
005 - DATE AND TIME OF LATEST TRANSACTION
control field 20120106150335.0
007 - PHYSICAL DESCRIPTION FIXED FIELD--GENERAL INFORMATION
fixed length control field t|
008 - FIXED-LENGTH DATA ELEMENTS--GENERAL INFORMATION
fixed length control field 750824c19659999ke ar p g 0 a0eng c
010 ## - LIBRARY OF CONGRESS CONTROL NUMBER
LC control number 97660511
Canceled/invalid LC control number sf 80001217
-- sn 80008689
-- 2007380328
022 0# - INTERNATIONAL STANDARD SERIAL NUMBER
International Standard Serial Number 0070-797X
Source 0
035 ## - SYSTEM CONTROL NUMBER
System control number (OCoLC)ocm01567212
040 ## - CATALOGING SOURCE
Original cataloging agency MnMULS
Transcribing agency MnMULS
Modifying agency NSDP
-- DLC
-- MH
-- MoSU-L
-- DLC
-- OCoLC
-- DLC
-- OCoLC
042 ## - AUTHENTICATION CODE
Authentication code nsdp
-- pcc
043 ## - GEOGRAPHIC AREA CODE
Geographic area code fe-----
050 00 - LIBRARY OF CONGRESS CALL NUMBER
Classification number K5
Item number .A76
082 ## - DEWEY DECIMAL CLASSIFICATION NUMBER
Classification number 348.005676/EAS
210 0# - ABBREVIATED TITLE
Abbreviated title East Afr. law j.
222 #0 - KEY TITLE
Key title East African law journal
245 00 - TITLE STATEMENT
Title Eastern Africa Law Review, Vol.2. 1969 /
246 1# - VARYING FORM OF TITLE
Display text Citation title:
Title proper/short title EALJ
260 ## - PUBLICATION, DISTRIBUTION, ETC. (IMPRINT)
Place of publication, distribution, etc Nairobi :
Name of publisher, distributor, etc Oceana Publications,
Date of publication, distribution, etc [1965]-
300 ## - PHYSICAL DESCRIPTION
Extent v. ;
Dimensions 21-25 cm.
310 ## - CURRENT PUBLICATION FREQUENCY
Current publication frequency Annual,
Date of current publication frequency 2004-<2005>
321 ## - FORMER PUBLICATION FREQUENCY
Former publication frequency Quarterly,
-- 1965-<1971>
321 ## - FORMER PUBLICATION FREQUENCY
Former publication frequency Semiannual,
-- <1973-1976>
362 0# - DATES OF PUBLICATION AND/OR SEQUENTIAL DESIGNATION
Dates of publication and/or sequential designation Vol. 1, no. 1 (Mar. 1965)- ; [new ser.], v. 1 (2004)-
500 ## - GENERAL NOTE
General note Title from cover.
515 ## - NUMBERING PECULIARITIES NOTE
Numbering peculiarities note .
550 ## - ISSUING BODY NOTE
Issuing body note Issued on behalf of the Faculty of Law, University of Nairobi.
550 ## - ISSUING BODY NOTE
Issuing body note Publisher varies: Legal Publications, <1971->; East African Literature Bureau, <1973->; Kenya Literature Bureau, <1976->; University of Nairobi, School of Law, 2004-<2005>
590 ## - LOCAL NOTE (RLIN)
Local note SERBIB/SERLOC merged record
650 #0 - SUBJECT ADDED ENTRY--TOPICAL TERM
Topical term or geographic name as entry element Law
Geographic subdivision Africa, East
Form subdivision Periodicals.
9 (RLIN) 5880
710 2# - ADDED ENTRY--CORPORATE NAME
Corporate name or jurisdiction name as entry element University of East Arica Tanzania.
Subordinate unit Faculty of Law.
9 (RLIN) 5881
710 2# - ADDED ENTRY--CORPORATE NAME
Corporate name or jurisdiction name as entry element East African Literature Bureau.
9 (RLIN) 5769
710 2# - ADDED ENTRY--CORPORATE NAME
Corporate name or jurisdiction name as entry element Kenya Literature Bureau.
9 (RLIN) 5770
906 ## - LOCAL DATA ELEMENT F, LDF (RLIN)
a 7
b cbc
c serials
d 3
e ncip
f 19
g n-oclcserc
942 ## - ADDED ENTRY ELEMENTS (KOHA)
Source of classification or shelving scheme Dewey Decimal Classification
Koha item type Periodicals
Holdings
Withdrawn status Lost status Source of classification or shelving scheme Damaged status Not for loan Home library Current library Shelving location Date acquired Total Checkouts Full call number Barcode Date last seen Price effective from Koha item type
    Dewey Decimal Classification     Law Development Centre Main Library Law Development Centre Main Library Law Reports 01/06/2012   348.005676/EAS 3365/2012 01/06/2012 01/06/2012 Periodicals